| 000 | 00576nam a22001937a 4500 | ||
|---|---|---|---|
| 005 | 20251108170118.0 | ||
| 008 | 250721s1991 xx 000 0 ara d | ||
| 082 | 1 | 4 | _aط/ق/محم |
| 100 | 1 | _aقاسم، محمود | |
| 245 | 1 | 0 | _aمغامرات علاء الدين / |
| 264 | 1 |
_aالقاهرة : _bنهضة مصر للطباعة، _c1991. |
|
| 300 | _a142ص | ||
| 490 | 0 | _aاجمل حكايات الدنيا ؛ 3 | |
| 650 | 1 | 7 | _aالقصص العربية |
| 650 | 1 | 7 | _aالأدب العربي |
| 650 | 1 | 7 | _aأدب الأطفال |
| 942 |
_2ddc _cBK |
||
| 999 |
_c40027 _d40027 |
||